Catálogo
 En Linea

Tiempos de guerra y paz : (Registro nro. 23706)

Detalles MARC
000 -CABECERA
campo de control de longitud fija 01046nam a2200277 a 4500
001 - NÚMERO DE CONTROL
campo de control 000024212
005 - FECHA Y HORA DE LA ÚLTIMA TRANSACCIÓN
campo de control 20200930022819.0
008 - DATOS DE LONGITUD FIJA--INFORMACIÓN GENERAL
campo de control de longitud fija 110120s1998 ve r 000 | spa d
020 ## - NÚMERO INTERNACIONAL ESTÁNDAR DEL LIBRO
Número Internacional Estándar del Libro 9800013946
040 ## - FUENTE DE LA CATALOGACIÓN
Centro catalogador/agencia de origen DO-SdBNP
Lengua de catalogación spa
Centro/agencia transcriptor BNPHU
082 ## - NÚMERO DE LA CLASIFICACIÓN DECIMAL DEWEY
Número de clasificación 616.9362087
Número de documento/Ítem G981t
100 1# - ENTRADA PRINCIPAL--NOMBRE DE PERSONA
Nombre de persona Gutiérrez, Ana T.
9 (RLIN) 49729
245 10 - MENCIÓN DE TÍTULO
Título Tiempos de guerra y paz :
Resto del título Arnoldo Gabaldon y la investigación sobre malaria en Venzuela, 1936-1990 /
Mención de responsabilidad, etc. Ana T. Gutiérrez; edición al cuidado Rosa Lucía Celi.
260 ## - PUBLICACIÓN, DISTRIBUCIÓN, ETC.
Lugar de publicación, distribución, etc. Caracas, (Venezuela) :
Nombre del editor, distribuidor, etc. CENDES,
Fecha de publicación, distribución, etc. 1998.
300 ## - DESCRIPCIÓN FÍSICA
Extensión 239 p. ;
Dimensiones 23 cm.
490 1# - MENCIÓN DE SERIE
Mención de serie Mención Publicación
500 ## - NOTA GENERAL
Nota general Incluye notas al pie de páginas
500 ## - NOTA GENERAL
Nota general Incluye referencias bibliográficas
500 ## - NOTA GENERAL
Nota general Incluye cronología de publicaciones Arnaldo Gabaldon 1936-1988
650 #4 - PUNTO DE ACCESO ADICIONAL DE MATERIA--TÉRMINO DE MATERIA
Término de materia o nombre geográfico como elemento de entrada Malaria
9 (RLIN) 49730
650 #4 - PUNTO DE ACCESO ADICIONAL DE MATERIA--TÉRMINO DE MATERIA
Término de materia o nombre geográfico como elemento de entrada Fiebre hemoglobinúrica
9 (RLIN) 49731
650 #4 - PUNTO DE ACCESO ADICIONAL DE MATERIA--TÉRMINO DE MATERIA
Término de materia o nombre geográfico como elemento de entrada Plasmodium
9 (RLIN) 49732
700 1# - PUNTO DE ACCESO ADICIONAL--NOMBRE DE PERSONA
Nombre de persona Celi, Rosa Lucía,
Término indicativo de función/relación ed.
9 (RLIN) 49733
710 2# - PUNTO DE ACCESO ADICIONAL--NOMBRE DE ENTIDAD CORPORATIVA
Nombre de entidad corporativa o nombre de jurisdicción como elemento de entrada Centro de Estudios del Desarrollo.
9 (RLIN) 32946
830 #0 - PUNTO DE ACCESO ADICIONAL DE SERIE-TÍTULO UNIFORME
Título uniforme Mención Publicación
9 (RLIN) 29065
Existencias
Estado de retiro Estado de pérdida Restricciones de uso No para préstamo Código de colección Localización permanente Ubicación/localización actual Ubicación en estantería Fecha de adquisición Número de inventario Total de préstamos Signatura topográfica completa Código de barras Fecha visto por última vez Precio válido a partir de Tipo de ítem Koha
        Monografías: Libros y Folletos General General En catalogación 20.01.2011 LF1   616.9362087 G981t 24212-10 25.06.2020 25.06.2020 Préstamo en sala

Con tecnología Koha